| 000 | 00497nam a22002057a 4500 | ||
|---|---|---|---|
| 001 | 22161 | ||
| 005 | 20260330173739.0 | ||
| 008 | 260330b |||||||| |||| 00| 0 spa d | ||
| 041 | _aESP | ||
| 082 |
_a621.38 _bB24 |
||
| 100 |
_aBariáin Aisa, Cándido, _eAUT |
||
| 245 | _aProblemas resueltos de electrónica digital | ||
| 260 |
_a : _b , _c2016 |
||
| 300 |
_a111 páginas : _b ; _c30 cm. |
||
| 440 | _a ; | ||
| 650 | _aTCA | ||
| 654 | _aCET | ||
| 700 | _a; | ||
| 942 |
_cLIB _dJUS _fJUS _n0 _2ddc |
||
| 999 |
_c22161 _d22161 |
||